[Event "Steyr Landesliga 1819"]
[Site "Austria"]
[Date "2018.11.10"]
[Round "4.2"]
[White "Hresc, Vladimir"]
[Black "Perhinig, Robert"]
[Result "1-0"]
[WhiteElo "2336"]
[BlackElo "2236"]
[PlyCount "75"]
[EventDate "2018.10.06"]
[EventType "team-tourn"]
[EventRounds "11"]
[EventCountry "AUT"]
[SourceTitle "CBM 187 Extra"]
[Source "ChessBase"]
[SourceDate "2018.11.04"]
[SourceVersion "1"]
[SourceVersionDate "2018.11.04"]
[SourceQuality "1"]
[WhiteTeam "Trofaiach Niklasdorf"]
[BlackTeam "Graz Schachgesellschaft"]
[WhiteTeamCountry "AUT"]
[BlackTeamCountry "AUT"]

1. e4 e6 2. d3 d5 3. Nd2 Nf6 4. Ngf3 Be7 5. Be2 0-0 6. 0-0 c5 7. c3 Nc6 8. Qc2 e5 9. Rd1 d4 10. Nc4 Qc7 11. a4 Be6 12. Bg5 a6 13. Na3 Rac8 14. c4 Nd7 15. Bxe7 Nxe7 16. Ng5 Qd6 17. Qd2 f5 18. Nxe6 Qxe6 19. exf5 Qxf5 20. Bf3 Nc6 21. Nc2 Qf4 22. Bd5+ Kh8 23. Qxf4 exf4 24. b4 cxb4 25. Bxc6 bxc6 26. Nxb4 c5 27. Nd5 g5 28. Re1 Rfe8 29. Kf1 Ne5 30. Nf6 Re7 31. Rab1 Kg7 32. Rb6 Kf7 33. Nd5 Ree8 34. Rb7+ Kf8 35. Nf6 Re6 36. Nxh7+ Kg8 37. Rxe5 Rxe5 38. Nf6+ 1-0

[Event "Zagreb Damjanovic Memorial 1st"]
[Site "Zagreb"]
[Date "2016.11.10"]
[Round "1"]
[White "Hresc, Vladimir"]
[Black "Bozicevic, Josip"]
[Result "1-0"]
[WhiteElo "2330"]
[BlackElo "1907"]
[PlyCount "73"]
[EventDate "2016.11.10"]
[EventType "swiss"]
[EventRounds "9"]
[EventCountry "CRO"]
[SourceTitle "CBM 175 Extra"]
[Source "ChessBase"]
[SourceDate "2016.12.12"]
[SourceVersion "1"]
[SourceVersionDate "2016.12.12"]
[SourceQuality "1"]

1. Nf3 d5 2. c4 c6 3. b3 Nf6 4. Bb2 Bf5 5. g3 e6 6. Bg2 h6 7. 0-0 Be7 8. d3 0-0 9. Nbd2 Nbd7 10. Re1 Re8 11. e4 dxe4 12. dxe4 Bg4 13. Qc2 Qa5 14. h3 Bxf3 15. Nxf3 Rad8 16. a3 Nh7 17. b4 Qc7 18. e5 Ng5 19. Nd2 f5 20. exf6 Bxf6 21. h4 Bxb2 22. Qxb2 Nf7 23. Re3 Nf6 24. Rae1 e5 25. Bh3 Qd6 26. R1e2 Qd4 27. Qc2 e4 28. c5 Ne5 29. Nxe4 Qd1+ 30. Qxd1 Rxd1+ 31. Kg2 Nfg4 32. Rc3 Kf8 33. Nd6 Rxd6 34. cxd6 Nf6 35. Rce3 Nc4 36. Rxe8+ Nxe8 37. d7 1-0

[Event "Pula op 30th"]
[Site "Pula"]
[Date "2016.09.17"]
[Round "9"]
[White "Hresc, Vladimir"]
[Black "Berke, Ana"]
[Result "1/2-1/2"]
[WhiteElo "2354"]
[BlackElo "2128"]
[PlyCount "136"]
[EventDate "2016.09.10"]
[EventType "swiss"]
[EventRounds "9"]
[EventCountry "CRO"]
[SourceTitle "CBM 174 Extra"]
[Source "ChessBase"]
[SourceDate "2016.10.10"]
[SourceVersion "1"]
[SourceVersionDate "2016.10.10"]
[SourceQuality "1"]

1. e4 c5 2. Nf3 d6 3. Bb5+ Bd7 4. Bxd7+ Qxd7 5. 0-0 Nf6 6. Re1 Nc6 7. c3 e6 8. d4 cxd4 9. cxd4 d5 10. e5 Ne4 11. Nc3 Nxc3 12. bxc3 Be7 13. Bg5 h6 14. Bxe7 Qxe7 15. Nd2 0-0 16. f4 f5 17. exf6 Rxf6 18. Qe2 Qd6 19. g3 Rc8 20. Nb3 b6 21. Qd3 Qa3 22. Re2 Na5 23. Rb1 Nc4 24. Rbe1 Qd6 25. Nd2 Nxd2 26. Rxd2 Rc4 27. Re3 b5 28. Rde2 b4 29. cxb4 Qb6 30. Rd2 Rxb4 31. Kg2 a5 32. Re5 a4 33. Re1 Rf8 34. Qe3 Rf6 35. Rc1 Rc4 36. Re1 Rb4 37. Ree2 Rg6 38. Qe5 Rf6 39. f5 Rxf5 40. Qxe6+ Qxe6 41. Rxe6 h5 42. Rc6 Rf6 43. Rxf6 gxf6 44. Kf3 Kf7 45. h4 Kg6 46. Kf4 Rb1 47. Kf3 Kf5 48. Rf2 Re1 49. Kg2+ Ke4 50. Rxf6 Kxd4 51. Rf4+ Re4 52. Rf5 Re2+ 53. Kf3 Rxa2 54. Rxh5 a3 55. Rh8 Rh2 56. Ra8 a2 57. h5 Kc3 58. h6 Kb2 59. Rb8+ Kc1 60. Ra8 Kb1 61. Rb8+ Kc1 62. Ra8 Kb1 63. Rb8+ Kc2 64. Ra8 Kb1 65. Rb8+ Kc1 66. Ra8 Kb1 67. Rb8+ Kc1 68. Ra8 Kb1 1/2-1/2

[Event "AUT-chT 1415"]
[Site "Austria"]
[Date "2015.03.01"]
[Round "8.3"]
[White "Hresc, Vladimir"]
[Black "Wallner, Joachim"]
[Result "0-1"]
[WhiteElo "2408"]
[BlackElo "2332"]
[PlyCount "134"]
[EventDate "2014.11.20"]
[EventType "team-tourn"]
[EventRounds "11"]
[EventCountry "AUT"]
[SourceTitle "EXT 2016"]
[Source "ChessBase"]
[SourceDate "2015.10.08"]
[SourceVersion "1"]
[SourceVersionDate "2015.10.08"]
[SourceQuality "1"]
[WhiteTeam "Wolfsberg"]
[BlackTeam "Wulkaprodersdorf"]
[WhiteTeamCountry "AUT"]
[BlackTeamCountry "AUT"]

1. e4 e5 2. Nf3 Nc6 3. Bb5 a6 4. Ba4 Nf6 5. 0-0 Be7 6. Re1 b5 7. Bb3 d6 8. c3 0-0 9. h3 Nb8 10. d4 Nbd7 11. Nbd2 Bb7 12. Bc2 Re8 13. Nf1 Bf8 14. Ng3 g6 15. b3 Bg7 16. d5 Qb8 17. c4 c6 18. Be3 Qc7 19. Qd2 bxc4 20. bxc4 Nc5 21. Bxc5 dxc5 22. Rab1 Nd7 23. Ba4 Rec8 24. d6 Qb8 25. Rb3 Qa7 26. h4 Rab8 27. Qa5 Ba8 28. Ne2 Rxb3 29. axb3 Qb6 30. Qd2 Rd8 31. Nc1 Nf8 32. Nd3 Rxd6 33. Qe3 Nd7 34. g4 a5 35. g5 Bb7 36. Rd1 Bf8 37. Ra1 Re6 38. Kg2 Re8 39. h5 Bd6 40. Rh1 Qd8 41. Rd1 Qe7 42. Qd2 Bc7 43. Qe3 Ra8 44. Rg1 Bd6 45. Nh2 Kf8 46. hxg6 hxg6 47. Kf1 Ke8 48. Ke2 Nf8 49. Kd1 Ne6 50. Nf3 Nd4 51. Nd2 Kd7 52. Rh1 Kc7 53. Rh7 Rd8 54. Kc1 Kb6 55. Kb2 Bc8 56. Ka2 Be6 57. Kb2 Bc7 58. Ne1 Bg4 59. Rh4 Bh5 60. Rh1 Ne6 61. Rg1 Nf4 62. f3 Rd4 63. Nb1 Qd6 64. Kc2 Bd8 65. Nc3 Be7 66. Ne2 Nh3 67. Rh1 Bxg5 0-1

[Event "AUT-chT 1415"]
[Site "Austria"]
[Date "2015.02.28"]
[Round "7.4"]
[White "Tabernig, Bernhard"]
[Black "Hresc, Vladimir"]
[Result "1/2-1/2"]
[WhiteElo "2383"]
[BlackElo "2408"]
[PlyCount "112"]
[EventDate "2014.11.20"]
[EventType "team-tourn"]
[EventRounds "11"]
[EventCountry "AUT"]
[SourceTitle "EXT 2016"]
[Source "ChessBase"]
[SourceDate "2015.10.08"]
[SourceVersion "1"]
[SourceVersionDate "2015.10.08"]
[SourceQuality "1"]
[WhiteTeam "Mayrhofen/Zillertal"]
[BlackTeam "Wolfsberg"]
[WhiteTeamCountry "AUT"]
[BlackTeamCountry "AUT"]

1. d4 Nf6 2. c4 e6 3. Nc3 d5 4. cxd5 exd5 5. Bg5 c6 6. e3 Be7 7. Qc2 Nbd7 8. Bd3 h6 9. Bh4 Nh5 10. Bxe7 Qxe7 11. Nge2 Nf8 12. h3 Nf6 13. 0-0-0 Bd7 14. Kb1 0-0-0 15. Na4 Ne6 16. Nc1 Kb8 17. Rhe1 Qd6 18. Qb3 Rhe8 19. Re2 Bc8 20. Rc2 Re7 21. Bf1 Nc7 22. Nd3 Bf5 23. Rdc1 Bxd3 24. Bxd3 Ka8 25. Nc5 Ne6 26. Qa4 Nxc5 27. Rxc5 Rc7 28. Qc2 g6 29. a3 Rdc8 30. f3 Re8 31. Qf2 Rce7 32. Re1 Nh5 33. Rcc1 Qg3 34. Qd2 f5 35. Rc3 Nf6 36. Rb3 h5 37. Bc2 Qd6 38. f4 h4 39. Rf1 Nh5 40. Ka2 Ng3 41. Rf3 Re6 42. a4 Qe7 43. a5 c5 44. Rb5 Ne4 45. Bxe4 dxe4 46. Rf2 cxd4 47. Qxd4 Rd6 48. Qc4 Rc6 49. Qb3 Rd8 50. Rc2 Qc7 51. Rxc6 Qxc6 52. Re5 a6 53. Re6 Rd6 54. Rxd6 Qxd6 55. Qc4 Ka7 56. Kb3 Qd1+ 1/2-1/2

[Event "AUT-chT 1415"]
[Site "Austria"]
[Date "2015.02.27"]
[Round "6.4"]
[White "Atlas, Valeri"]
[Black "Hresc, Vladimir"]
[Result "1-0"]
[WhiteElo "2432"]
[BlackElo "2408"]
[PlyCount "159"]
[EventDate "2014.11.20"]
[EventType "team-tourn"]
[EventRounds "11"]
[EventCountry "AUT"]
[SourceTitle "EXT 2016"]
[Source "ChessBase"]
[SourceDate "2015.10.08"]
[SourceVersion "1"]
[SourceVersionDate "2015.10.08"]
[SourceQuality "1"]
[WhiteTeam "Hohenems"]
[BlackTeam "Wolfsberg"]
[WhiteTeamCountry "AUT"]
[BlackTeamCountry "AUT"]

1. e4 e5 2. Nf3 Nf6 3. Nxe5 d6 4. Nf3 Nxe4 5. Nc3 Nxc3 6. dxc3 Nc6 7. Be3 Be7 8. Qd2 Bf6 9. 0-0-0 Bf5 10. Rg1 Qd7 11. h3 0-0 12. Be2 Rfe8 13. Kb1 Rad8 14. g4 Be6 15. Ng5 Bxg5 16. Bxg5 f6 17. Be3 Qf7 18. b3 Kh8 19. Rg3 a6 20. f4 Ne7 21. c4 c5 22. f5 Bc8 23. Bxc5 Nc6 24. Bb6 Rd7 25. Bf3 g6 26. Bd5 Qf8 27. Be6 Rg7 28. Bxc8 Rxc8 29. fxg6 Rxg6 30. Qxd6 Qxd6 31. Rxd6 f5 32. Rd7 fxg4 33. hxg4 Rg7 34. Rxg7 Kxg7 35. Rd3 Rf8 36. Kb2 Kg6 37. Rd6+ Rf6 38. c5 Ne5 39. Bd8 Rxd6 40. cxd6 Nxg4 41. Kc3 Ne5 42. Bh4 Kf5 43. Bg3 Nd7 44. Kd4 Ke6 45. c4 h5 46. c5 Nf6 47. b4 Kd7 48. Bh4 Ng4 49. a4 b5 50. axb5 axb5 51. Ke4 Ke6 52. Bg3 h4 53. Bxh4 Ne5 54. Be1 Nc6 55. Bc3 Nd8 56. Kf4 Nc6 57. Kg5 Nb8 58. Kg6 Nc6 59. Kg7 Nb8 60. Kf8 Kd7 61. Kf7 Nc6 62. Kf6 Nb8 63. Ke5 Nc6+ 64. Kd5 Nd8 65. Bd2 Nc6 66. Be1 Na7 67. c6+ Nxc6 68. Kc5 Na7 69. Bg3 Nc6 70. Kxb5 Nd8 71. Kc5 Kc8 72. b5 Kd7 73. Kb6 Kc8 74. Be5 Nf7 75. Bg3 Nd8 76. Bh4 Nf7 77. Be7 Ne5 78. Ka7 Nc4 79. b6 Na5 80. Ka8 1-0

[Event "AUT-chT 1415"]
[Site "Austria"]
[Date "2015.02.26"]
[Round "5.3"]
[White "Hresc, Vladimir"]
[Black "Buhmann, Rainer"]
[Result "1/2-1/2"]
[WhiteElo "2408"]
[BlackElo "2601"]
[PlyCount "60"]
[EventDate "2014.11.20"]
[EventType "team-tourn"]
[EventRounds "11"]
[EventCountry "AUT"]
[SourceTitle "EXT 2016"]
[Source "ChessBase"]
[SourceDate "2015.10.08"]
[SourceVersion "1"]
[SourceVersionDate "2015.10.08"]
[SourceQuality "1"]
[WhiteTeam "Wolfsberg"]
[BlackTeam "Maria Saal"]
[WhiteTeamCountry "AUT"]
[BlackTeamCountry "AUT"]

1. e4 e5 2. Nf3 Nc6 3. Bc4 Nf6 4. d3 Be7 5. 0-0 0-0 6. Re1 d6 7. c3 h6 8. h3 Nh7 9. d4 Ng5 10. Nbd2 Bf6 11. Nxg5 Bxg5 12. Nf3 Bxc1 13. Qxc1 Qf6 14. Qe3 Ne7 15. Rad1 Ng6 16. Kh2 Be6 17. dxe5 Nxe5 18. Nxe5 dxe5 19. Bxe6 Qxe6 20. b3 b6 21. Rd3 Rad8 22. Red1 Qe7 23. Qd2 Rxd3 24. Qxd3 Qf6 25. Kg1 Qc6 26. Qe3 Qe6 27. Qd3 Qc6 28. Qe3 Qe6 29. Qd3 Qc6 30. Qe3 Qe6 1/2-1/2

[Event "Latschach op 27th"]
[Site "Latschach"]
[Date "2011.08.17"]
[Round "6"]
[White "Hresc, Vladimir"]
[Black "Fiala, Vaclav"]
[Result "1/2-1/2"]
[WhiteElo "2408"]
[BlackElo "2158"]
[PlyCount "128"]
[EventDate "2011.08.13"]
[EventType "swiss"]
[EventRounds "9"]
[EventCountry "AUT"]
[SourceTitle "CBM 143 Extra"]
[Source "ChessBase"]
[SourceDate "2011.08.29"]
[SourceVersion "1"]
[SourceVersionDate "2011.08.29"]
[SourceQuality "1"]

1. e4 c5 2. Nf3 d6 3. d4 cxd4 4. Nxd4 Nf6 5. Nc3 a6 6. Bg5 e6 7. f4 b5 8. a3 Nbd7 9. Qf3 Bb7 10. 0-0-0 Be7 11. Nb3 Qc7 12. Bd3 Rc8 13. Kb1 Nb6 14. Rhe1 h6 15. Bh4 g5 16. Bf2 gxf4 17. Qxf4 Nfd7 18. Bh4 Ne5 19. Bxe7 Qxe7 20. Na5 Bc6 21. Be2 Rc7 22. g3 Nc8 23. Na2 Ng6 24. Qe3 Qg5 25. Qd4 Bd7 26. Nb4 Qe5 27. Qe3 Nge7 28. Nd3 Qg5 29. Qd4 Rg8 30. e5 Nf5 31. Qe4 Ne3 32. Rc1 d5 33. Qd4 Ng2 34. Rf1 Qe3 35. Qxe3 Nxe3 36. Rf4 Ne7 37. Bh5 Ng6 38. Bxg6 Rxg6 39. b3 Ke7 40. Kb2 f6 41. b4 fxe5 42. Nxe5 Rf6 43. Nb3 Be8 44. Nc5 Bg6 45. Nxa6 Rxc2+ 46. Rxc2 Bxc2 47. Nc6+ Kf7 48. Nc7 Ba4 49. Nd8+ Ke7 50. Rxf6 Kxf6 51. Ndxe6 Ke5 52. Nf4 d4 53. Nd3+ Kd6 54. Ne8+ Ke7 55. Ng7 Kf6 56. Nh5+ Kf5 57. Nf2 Nc4+ 58. Ka2 Bc2 59. Nf4 h5 60. h4 Ke5 61. Nxh5 d3 62. Nf4 d2 63. Ne2 d1Q 64. Nxd1 Bxd1 1/2-1/2